The noble scholar, jurist, historian


 His Excellency Dr. Abdul Wahhab bin Ibrahim Abu Sulaiman, may Allah have mercy on him.


 He was born in Umm Al-Qura in the year 1356 AH.

التوضيح المبين لتوحيد الأنبياء والمرسلين من الكافية الشافية / (Record no. 9629)

MARC details
000 -LEADER
fixed length control field 01620cam a2200301 i 4500
003 - CONTROL NUMBER IDENTIFIER
control field SA-RiAUC
005 - DATE AND TIME OF LATEST TRANSACTION
control field 20250709061950.0
008 - FIXED-LENGTH DATA ELEMENTS--GENERAL INFORMATION
fixed length control field 250708s2000 su g 00010 ara c
040 ## - CATALOGING SOURCE
Original cataloging agency SA-JeALM
Language of cataloging ara
Transcribing agency SA-RiAUC
Description conventions rda
050 #4 - LIBRARY OF CONGRESS CALL NUMBER
Item number S23 2000
082 04 - DEWEY DECIMAL CLASSIFICATION NUMBER
Classification number 240
Assigning agency SA-RiAUC
090 ## - LOCALLY ASSIGNED LC-TYPE CALL NUMBER (OCLC); LOCAL CALL NUMBER (RLIN)
Classification number (OCLC) (R) ; Classification number, CALL (RLIN) (NR) 240
Local cutter number (OCLC) ; Book number/undivided call number, CALL (RLIN) س ع د
100 1# - MAIN ENTRY--PERSONAL NAME
Personal name السعدي، عبد الرحمن بن ناصر بن عبد الله،
Dates associated with a name 1307-1376 هجري
Relator term مؤلف.
245 12 - TITLE STATEMENT
Title التوضيح المبين لتوحيد الأنبياء والمرسلين من الكافية الشافية /
Statement of responsibility, etc. تأليف عبد الرحمن بن ناصر السعدي ؛ تصحيح محمد بن سليمان بن عبد العزيز آل بسام.
250 ## - EDITION STATEMENT
Edition statement الطبعة الأولى.
264 #1 - PRODUCTION, PUBLICATION, DISTRIBUTION, MANUFACTURE, AND COPYRIGHT NOTICE
Place of production, publication, distribution, manufacture مكة المكرمة :
Name of producer, publisher, distributor, manufacturer دار عالم الفوائد،
Date of production, publication, distribution, manufacture, or copyright notice 2000
300 ## - PHYSICAL DESCRIPTION
Extent 210 صفحة ؛
Dimensions 24 سم
336 ## - CONTENT TYPE
Content type term نص
Content type code txt
Source rdacontent
Materials specified كتاب
337 ## - MEDIA TYPE
Media type term بدون وسيط
Media type code n
Source rdamedia
338 ## - CARRIER TYPE
Carrier type term مجلد
Carrier type code nc
Source rdacarrier
500 ## - GENERAL NOTE
General note إهداء من منصور محمد بن سليمان بن عبد العزيز آل بسام بتاريخ 1429/1/13 هـ
650 #7 - SUBJECT ADDED ENTRY--TOPICAL TERM
Topical term or geographic name entry element الأنبياء
Source of heading or term aucsh
650 #7 - SUBJECT ADDED ENTRY--TOPICAL TERM
Topical term or geographic name entry element علم الكلام
Source of heading or term aucsh
700 1# - ADDED ENTRY--PERSONAL NAME
Personal name آل بسام، محمد بن سليمان بن عبد العزيز،
Dates associated with a name ولد 1286 هجري
Relator term مصحح.
700 12 - ADDED ENTRY--PERSONAL NAME
Relationship information شرح لـ :
Personal name ابن قيم الجوزية، محمد بن أبي بكر بن أيوب،
Dates associated with a name 691-751 هجري.
Title of a work الكافية الشافية في الانتصار للفرقة الناجية
942 ## - ADDED ENTRY ELEMENTS (KOHA)
Source of classification or shelving scheme Dewey Decimal Classification
Koha item type Books
Suppress in OPAC No
949 ## - LOCAL PROCESSING INFORMATION (OCLC)
a SA-JeALM
d 250708
u mohamedma123
n 1
Holdings
Withdrawn status Lost status Source of classification or shelving scheme Damaged status Not for loan Collection Home library Current library Date acquired Total checkouts Full call number Barcode Date last seen Price effective from Koha item type
    Dewey Decimal Classification     اهداء DR AbdElwahab Library DR AbdElwahab Library 07/09/2025   240 س ع د 000015672 07/09/2025 07/09/2025 Books